000 00589nam a2200193 i 4500
001 bg
245 1 0 _aMiasto przyszłości /
_cred. t. Stanisław M. Zawadzki ; Polska Akademia Nauk. Komitet Badań i Prognoz "Polska 2000".
260 _aWarszawa :
_bPAN,
_c1974.
490 1 _aPolska 2000
650 9 _aMiasta
_xprognozy
_zPolska
650 9 _aPlanowanie przestrzenne
_xprognozy
_zPolska
700 1 _aZAWADZKI, Stanisław M.
830 _aPolska 2000
040 _cBPK
041 0 _apol
080 _a711.4/.8.001.18(438)
942 _cKS
008 s pl f |000 0 pol
999 _c35512
_d35512
856 _uhttp://koha.tu.koszalin.pl/cgi-bin/koha/opac-detail.pl?biblionumber=35512
_yKatalog online BPK